000 00784nam a22002657a 4500
001 BR8503082
003 BR-BrBNA
005 20230928092206.0
007 ta
008 230509b bl.||||| |||| 00| 0 por d
040 _aBR-BrBNA
_bpor
_cBiblioteca Nacional de Agricultura
041 _a(Por)
072 _aQ70; F04
_b3860
090 _ 3860 BR8503082
100 1 _aWiest, J.M.
245 1 _aLixeiras - esterqueiras simplificadas, com controle de vetores
_bApresentado no 3. Concurso Nacional de Tecnologias Apropriadas - Saude e Nutricao
260 3 _aPorto Alegre, RS (Brasil):
_c1985.
300 _a22 p.
650 _aTECNOLOGIA APROPRIADA
650 _aADUBACAO
650 _aESTERQUEIRA
650 _aRESIDUO
909 _a202309
_bLucia
_c55
_dLucia Elande
942 _cBK
999 _c37614
_d37614